[Event "Catalunya-chT Gp2 Final"]
[Site "Barcelona"]
[Date "2023.03.11"]
[Round "1.5"]
[White "Pages Rafart, Jordi"]
[Black "Saguillo Gonzalez, Oriol"]
[Result "0-1"]
[WhiteElo "2034"]
[BlackElo "2173"]
[PlyCount "52"]
[EventDate "2023.03.11"]
[EventType "team-k.o."]
[EventRounds "4"]
[EventCountry "ESP"]
[SourceTitle "EXT 2024"]
[Source "ChessBase"]
[SourceDate "2023.10.10"]
[SourceVersion "1"]
[SourceVersionDate "2023.10.10"]
[SourceQuality "1"]
[WhiteTeam "Olot"]
[BlackTeam "Cerdanyola Valles"]
[WhiteTeamCountry "ESP"]
[BlackTeamCountry "ESP"]

1. e4 e5 2. f4 exf4 3. Bc4 Nf6 4. e5 d5 5. exf6 dxc4 6. fxg7 Bxg7 7. Qf3 Qh4+ 8. g3 fxg3 9. hxg3 Qe7+ 10. Ne2 Nc6 11. 0-0 Be6 12. Nf4 0-0-0 13. Na3 Ne5 14. Qe4 h5 15. d3 h4 16. Nxe6 Qxe6 17. Qf5 cxd3 18. Qxe6+ fxe6 19. Bg5 Rdg8 20. Rae1 dxc2 21. Nxc2 hxg3 22. Re2 Nc6 23. Bf6 Rh2 24. Rg2 Rgh8 25. Rxg3 Rh1+ 26. Kf2 Bxf6 0-1

[Event "Catalunya-chT Gp2"]
[Site "Barcelona"]
[Date "2023.03.04"]
[Round "7.5"]
[White "Saguillo Gonzalez, Oriol"]
[Black "Salgado Allaria, Carlos Fernando"]
[Result "0-1"]
[WhiteElo "2175"]
[BlackElo "2237"]
[PlyCount "80"]
[EventDate "2023.01.21"]
[EventType "team-tourn"]
[EventRounds "7"]
[EventCountry "ESP"]
[SourceTitle "CBM 213 Extra"]
[Source "ChessBase"]
[SourceDate "2023.05.31"]
[SourceVersion "1"]
[SourceVersionDate "2023.05.31"]
[SourceQuality "1"]
[WhiteTeam "Cerdanyola Valles"]
[BlackTeam "Platja D'Aro"]
[WhiteTeamCountry "ESP"]
[BlackTeamCountry "ESP"]

1. e4 c5 2. Nf3 e6 3. d4 cxd4 4. Nxd4 Qb6 5. Nb3 Qc7 6. Nc3 a6 7. Be2 b5 8. 0-0 Bb7 9. a3 Nf6 10. Bf3 d6 11. Be3 Nbd7 12. Qd4 e5 13. Qd2 Be7 14. Nc1 Nb6 15. Bxb6 Qxb6 16. Nd3 Rc8 17. Nb4 a5 18. Nbd5 Nxd5 19. Nxd5 Bxd5 20. Qxd5 0-0 21. c3 Rc5 22. Qb3 Rb8 23. Rfd1 Qc6 24. Rd3 Rb6 25. Rad1 g6 26. Rd5 Kg7 27. R1d3 Rc4 28. h3 Rc5 29. Be2 Rb7 30. Rd2 Rb6 31. R2d3 Rb7 32. h4 Bxh4 33. Rxd6 Qxe4 34. Qd1 Re7 35. b4 axb4 36. axb4 Rc8 37. Bf3 Qc4 38. Bd5 Qc7 39. Bc6 Bxf2+ 40. Kxf2 Qb6+ 0-1

[Event "Catalunya-chT Gp2"]
[Site "Barcelona"]
[Date "2023.01.28"]
[Round "2.5"]
[White "Saguillo Gonzalez, Oriol"]
[Black "Oms Fuentes, Lluis"]
[Result "0-1"]
[WhiteElo "2175"]
[BlackElo "2302"]
[PlyCount "88"]
[EventDate "2023.01.21"]
[EventType "team-tourn"]
[EventRounds "7"]
[EventCountry "ESP"]
[SourceTitle "CBM 213 Extra"]
[Source "ChessBase"]
[SourceDate "2023.05.31"]
[SourceVersion "1"]
[SourceVersionDate "2023.05.31"]
[SourceQuality "1"]
[WhiteTeam "Cerdanyola Valles"]
[BlackTeam "Barcelona Escacs CC"]
[WhiteTeamCountry "ESP"]
[BlackTeamCountry "ESP"]

1. e4 c5 2. Nf3 Nc6 3. Bb5 g6 4. Bxc6 dxc6 5. d3 Bg7 6. h3 e5 7. 0-0 Ne7 8. Be3 b6 9. a4 h6 10. a5 Rb8 11. Nc3 Be6 12. Nd2 g5 13. Ne2 Ng6 14. Ng3 Qd7 15. Nh5 0-0 16. axb6 axb6 17. Qf3 Nf4 18. Bxf4 exf4 19. Nxg7 Kxg7 20. Ra3 b5 21. Rfa1 c4 22. Nf1 b4 23. Ra7 Qd4 24. h4 Qxb2 25. R1a5 Rb5 26. Qh5 Qf6 27. Rxb5 cxb5 28. d4 b3 29. cxb3 c3 30. Qd1 Rc8 31. d5 c2 32. Qc1 Qd4 33. Ra2 Qd1 34. Ra1 Bg4 35. hxg5 hxg5 36. Qb2+ Kg8 37. Rc1 Be2 38. Qa1 b4 39. Qf6 Qxc1 40. Qxg5+ Kf8 41. Qh6+ Ke8 42. Qh8+ Kd7 43. Qh3+ Kc7 44. d6+ Kb8 0-1

[Event "Catalunya-chT Gp2"]
[Site "Barcelona"]
[Date "2022.03.12"]
[Round "8.5"]
[White "Saguillo Gonzalez, Oriol"]
[Black "Domene Mulyukov, Alexander"]
[Result "1/2-1/2"]
[WhiteElo "2156"]
[BlackElo "2171"]
[PlyCount "50"]
[EventDate "2022.01.22"]
[EventType "team-tourn"]
[EventRounds "9"]
[EventCountry "ESP"]
[SourceTitle "CBM 208 Extra"]
[Source "ChessBase"]
[SourceDate "2022.07.31"]
[SourceVersion "1"]
[SourceVersionDate "2022.07.31"]
[SourceQuality "1"]
[WhiteTeam "Cerdanyola Valles"]
[BlackTeam "Salauris"]
[WhiteTeamCountry "ESP"]
[BlackTeamCountry "ESP"]

1. e4 c5 2. Nf3 e6 3. d4 cxd4 4. Nxd4 Nf6 5. Nc3 Nc6 6. Ndb5 Bb4 7. a3 Bxc3+ 8. Nxc3 d5 9. exd5 exd5 10. Bd3 0-0 11. 0-0 d4 12. Ne2 Bg4 13. f3 Bh5 14. Nf4 Bg6 15. Nxg6 hxg6 16. Bg5 Qb6 17. Qd2 Rfe8 18. Kh1 Ne5 19. b4 Rac8 20. Rfe1 Nd5 21. Bf4 Nxd3 22. cxd3 Ne3 23. Rac1 Rxc1 24. Rxc1 Qf6 25. Bxe3 dxe3 1/2-1/2

[Event "Catalunya-chT Gp2"]
[Site "Barcelona"]
[Date "2022.02.12"]
[Round "4.6"]
[White "Saguillo Gonzalez, Oriol"]
[Black "Pares Vives, Natalia"]
[Result "0-1"]
[WhiteElo "2156"]
[BlackElo "2270"]
[PlyCount "76"]
[EventDate "2022.01.22"]
[EventType "team-tourn"]
[EventRounds "9"]
[EventCountry "ESP"]
[SourceTitle "CBM 208 Extra"]
[Source "ChessBase"]
[SourceDate "2022.07.31"]
[SourceVersion "1"]
[SourceVersionDate "2022.07.31"]
[SourceQuality "1"]
[WhiteTeam "Cerdanyola Valles"]
[BlackTeam "Platja D'Aro"]
[WhiteTeamCountry "ESP"]
[BlackTeamCountry "ESP"]

1. e4 c5 2. Nf3 d6 3. d4 cxd4 4. Nxd4 Nf6 5. Nc3 e6 6. Be3 Be7 7. g4 a6 8. g5 Nfd7 9. Qd2 Nc6 10. h4 Nxd4 11. Qxd4 0-0 12. 0-0-0 b5 13. Rg1 Ne5 14. Be2 Qa5 15. a3 Nc6 16. Qb6 Bd7 17. Rd2 Rfc8 18. Rgd1 Be8 19. Kb1 Qxb6 20. Bxb6 Rab8 21. Be3 Ne5 22. Bf4 a5 23. Na2 b4 24. axb4 axb4 25. b3 Rc5 26. Rd4 Nc6 27. Rc4 e5 28. Be3 Ra5 29. Rd5 Ra3 30. Kb2 Rba8 31. Nxb4 Nxb4 32. Rxb4 Bc6 33. Rd1 d5 34. Rb6 Ra2+ 35. Kc1 d4 36. Rxc6 Bb4 37. c3 Rxe2 38. Kb1 Bxc3 0-1

[Event "Catalunya-ch U10/20"]
[Site "Salou"]
[Date "2020.09.07"]
[Round "4"]
[White "Alvarez Albiol, Victor"]
[Black "Saguillo Gonzalez, Oriol"]
[Result "1/2-1/2"]
[WhiteElo "2123"]
[BlackElo "2124"]
[PlyCount "66"]
[EventDate "2020.09.05"]
[EventType "swiss"]
[EventRounds "8"]
[EventCountry "ESP"]
[SourceTitle "EXT 2023"]
[Source "ChessBase"]
[SourceDate "2022.10.05"]
[SourceVersion "1"]
[SourceVersionDate "2022.10.05"]
[SourceQuality "1"]

1. e4 e5 2. Nf3 d5 3. exd5 e4 4. Qe2 Nf6 5. Nc3 Be7 6. Nd4 0-0 7. h3 Re8 8. g3 Nxd5 9. Nxd5 Qxd5 10. Qc4 Qe5 11. Bg2 Bc5 12. Nb3 Bb6 13. Qc3 Qh5 14. Nd4 Nc6 15. Nxc6 bxc6 16. g4 Qg6 17. b3 Rd8 18. Qg3 Bd4 19. c3 Bb6 20. 0-0 f5 21. Qf4 Be6 22. Ba3 Rd3 23. Kh1 Rad8 24. Rae1 h6 25. c4 Ba5 26. b4 Rxa3 27. bxa5 Rf8 28. Re3 fxg4 29. Qxe4 Bf5 30. Qxc6 Qxc6 31. Bxc6 Rxe3 32. dxe3 gxh3 33. Bd5+ Kh7 1/2-1/2

[Event "Barcelonca Manana FM"]
[Site "Barcelona"]
[Date "2020.08.05"]
[Round "5.2"]
[White "Saguillo Gonzalez, Oriol"]
[Black "Sanchez Lopez, Juan Manuel"]
[Result "0-1"]
[WhiteElo "2124"]
[BlackElo "2100"]
[PlyCount "128"]
[EventDate "2020.08.01"]
[EventType "tourn"]
[EventRounds "9"]
[EventCountry "ESP"]
[SourceTitle "EXT 2024"]
[Source "ChessBase"]
[SourceDate "2023.10.10"]
[SourceVersion "1"]
[SourceVersionDate "2023.10.10"]
[SourceQuality "1"]

1. e4 c6 2. Nc3 d5 3. Nf3 g6 4. d4 Bg7 5. Be3 dxe4 6. Nxe4 Bg4 7. Bc4 Bxf3 8. Qxf3 Qa5+ 9. c3 Qf5 10. Qxf5 gxf5 11. Nc5 b6 12. Nd3 Nd7 13. Nb4 c5 14. dxc5 Nxc5 15. 0-0-0 e6 16. Bf4 Bh6 17. Bb5+ Ke7 18. Bxh6 Nxh6 19. Rhe1 Kf6 20. f3 Rhg8 21. g3 a6 22. Bf1 a5 23. Nd3 Nxd3+ 24. Rxd3 Rgd8 25. Red1 Ke7 26. Kc2 Rxd3 27. Rxd3 Ng8 28. Rd4 Nf6 29. Bc4 Rc8 30. Kb3 Rc5 31. a4 e5 32. Rd1 e4 33. Be2 Nd7 34. Rd4 Nf6 35. Kc2 Re5 36. Kd2 Nd7 37. Ke3 Nc5 38. Kf4 f6 39. Ke3 Ne6 40. Rd1 exf3+ 41. Kxf3 Ng5+ 42. Kf2 Ne4+ 43. Kf1 Nc5 44. Bb5 Re4 45. Re1 Ke6 46. b4 Rxe1+ 47. Kxe1 Ne4 48. bxa5 bxa5 49. c4 Ke5 50. Ke2 f4 51. Kf3 fxg3 52. hxg3 Nd2+ 53. Kg4 f5+ 54. Kh4 Ne4 55. Bc6 f4 56. gxf4+ Kxf4 57. Kh5 Ke5 58. Kh6 Nd6 59. Bb5 Kd4 60. Kxh7 Nxc4 61. Kg6 Kc5 62. Kf5 Nd6+ 63. Kf4 Nxb5 64. axb5 a4 0-1

[Event "Sabadell Diada blitz op 16th"]
[Site "Sabadell"]
[Date "2019.09.11"]
[Round "4"]
[White "Saguillo Gonzalez, Oriol"]
[Black "Diaz Camallonga, Carles"]
[Result "1-0"]
[WhiteElo "2011"]
[BlackElo "2506"]
[PlyCount "103"]
[EventDate "2019.09.11"]
[EventType "swiss (blitz)"]
[EventRounds "9"]
[EventCountry "ESP"]
[SourceTitle "EXT 2020"]
[Source "ChessBase"]
[SourceDate "2019.10.17"]
[SourceVersion "1"]
[SourceVersionDate "2019.10.17"]
[SourceQuality "1"]

1. e4 e6 2. d4 d5 3. Nc3 Bb4 4. exd5 exd5 5. Bd3 Nc6 6. Nge2 Nge7 7. a3 Bxc3+ 8. bxc3 Bf5 9. 0-0 Qd7 10. a4 b6 11. Re1 0-0 12. Bb5 a6 13. Bd3 Rfe8 14. Be3 Na5 15. Ng3 Bg6 16. Qf3 Nc4 17. Bg5 f6 18. Bf4 Nb2 19. h4 Bxd3 20. cxd3 Ng6 21. Nh5 Kf7 22. Bg3 Nxa4 23. Rxe8 Rxe8 24. Rxa4 Qxa4 25. Qxd5+ Re6 26. Nxg7 Qc6 27. Qxe6+ Qxe6 28. Nxe6 Kxe6 29. Bxc7 b5 30. g3 Kd7 31. Ba5 Ne7 32. Kf1 Nc6 33. Bb6 Kd6 34. c4 b4 35. Ke2 b3 36. Kd2 a5 37. d5 Ne5 38. f4 Nf3+ 39. Kc3 a4 40. Ba5 Nd4 41. Bb4+ Kd7 42. Ba3 Nc2 43. Bc1 f5 44. c5 h5 45. d6 Kc6 46. d4 a3 47. d5+ Kd7 48. Kxb3 a2 49. Kxa2 Nb4+ 50. Kb3 Nxd5 51. Kc4 Kc6 52. d7 1-0

[Event "Sabadell Diada blitz op 16th"]
[Site "Sabadell"]
[Date "2019.09.11"]
[Round "8"]
[White "Saguillo Gonzalez, Oriol"]
[Black "Valderrama Quiceno, Esteban Alberto"]
[Result "1/2-1/2"]
[WhiteElo "2011"]
[BlackElo "2490"]
[PlyCount "31"]
[EventDate "2019.09.11"]
[EventType "swiss (blitz)"]
[EventRounds "9"]
[EventCountry "ESP"]
[SourceTitle "EXT 2020"]
[Source "ChessBase"]
[SourceDate "2019.10.17"]
[SourceVersion "1"]
[SourceVersionDate "2019.10.17"]
[SourceQuality "1"]

1. e4 g6 2. d4 Bg7 3. Nf3 d6 4. Bc4 e6 5. 0-0 Ne7 6. Re1 a6 7. a4 h6 8. c3 b6 9. Bf1 Bb7 10. Qc2 0-0 11. Be3 Nd7 12. Nbd2 g5 13. h3 Kh8 14. Bd3 f5 15. Bxg5 hxg5 16. Nxg5 1/2-1/2

[Event "Sabadell Diada blitz op 16th"]
[Site "Sabadell"]
[Date "2019.09.11"]
[Round "9"]
[White "Tirado, Juan Camilo"]
[Black "Saguillo Gonzalez, Oriol"]
[Result "0-1"]
[WhiteElo "2216"]
[BlackElo "2011"]
[PlyCount "162"]
[EventDate "2019.09.11"]
[EventType "swiss (blitz)"]
[EventRounds "9"]
[EventCountry "ESP"]
[SourceTitle "EXT 2020"]
[Source "ChessBase"]
[SourceDate "2019.10.17"]
[SourceVersion "1"]
[SourceVersionDate "2019.10.17"]
[SourceQuality "1"]

1. e4 c5 2. c3 Nf6 3. e5 Nd5 4. Nf3 d6 5. d4 cxd4 6. cxd4 e6 7. Bd3 Nc6 8. exd6 Bxd6 9. Nc3 Ncb4 10. Bb1 Nf4 11. 0-0 0-0 12. Ne4 Nbd5 13. Nxd6 Qxd6 14. Ne5 Ng6 15. Nxg6 hxg6 16. a4 Bd7 17. Ra3 Bc6 18. Rg3 Nf6 19. b4 Be4 20. Bg5 Bxb1 21. Bxf6 gxf6 22. Qxb1 Kg7 23. Rd1 Rh8 24. h3 Rh5 25. Qe4 Qd5 26. Qe2 Rc8 27. Rgd3 Rg5 28. f3 Qd7 29. d5 Rxd5 30. Rxd5 exd5 31. h4 Qf5 32. Qb5 Rd8 33. Qxb7 d4 34. Qe4 Qxe4 35. fxe4 d3 36. Kf2 Rd4 37. Ke3 Rxb4 38. Rxd3 Rxa4 39. Rd7 a5 40. g4 Ra3+ 41. Kf4 a4 42. Ra7 Ra1 43. g5 fxg5+ 44. hxg5 a3 45. Ra8 a2 46. Ke5 Kh7 47. Ra7 Kg7 48. Ra8 Rg1 49. Rxa2 Rxg5+ 50. Kf4 Rb5 51. Ra7 g5+ 52. Kf3 Kg6 53. Ra6+ f6 54. Ra8 Rb3+ 55. Kg4 Re3 56. Ra4 Re1 57. Rb4 Rf1 58. Kg3 Rf4 59. Rc4 Kf7 60. Ra4 Ke6 61. Ra8 Rxe4 62. Ra5 Rb4 63. Ra3 Kf7 64. Kh3 Kg6 65. Kg3 g4 66. Kh4 Rc4 67. Rb3 Ra4 68. Rb5 Rf4 69. Rc5 f5 70. Rc6+ Kf7 71. Kg5 Rf3 72. Kh4 g3 73. Kh3 f4 74. Kg2 Rf2+ 75. Kg1 Kg7 76. Ra6 f3 77. Ra4 Kf6 78. Rg4 Rg2+ 79. Kf1 Kf5 80. Ra4 Rh2 81. Kg1 f2+ 0-1